a pearl - mitski all lyrics - Statistics

General Stats
  • This quiz has been taken 1,790 times
  • The average score is 143 of 167
Answer Stats
Answer % Correct
a
98%
I
98%
and
95%
And
95%
And
95%
it
94%
me
94%
in
93%
love
93%
to
93%
You
93%
you
93%
pearl
91%
just
90%
Just
90%
that
90%
with
90%
fell
89%
war
89%
my
88%
Nobody
87%
nobody
87%
told
87%
your
87%
ended
86%
It's
86%
it's
86%
so
86%
can't
85%
the
84%
around
83%
don't
83%
every
83%
Every
83%
night
83%
want
83%
watch
82%
You're
81%
head
81%
left
81%
of
81%
roll
81%
You're
81%
not
80%
tired
80%
growing
79%
still
78%
touch
78%
go
77%
Sorry
77%
hard
76%
take
76%
baby
75%
glow
75%
that's
74%
where
73%
about
72%
all
71%
talk
71%
things
71%
sleep
63%
fill
56%
hole
56%
But
55%
There's
52%
No matching quizzes found
Score Distribution
Percent of People with Each Score
Percentile by Number Answered
Your Score History
You have not taken this quiz